Ohodnocovanie finančných nástrojov v podmienkach nestability finančných trhov diplomová práca

Na minha lista:
Detalhes bibliográficos
Autor principal: Slaminková, Katarína
Autor Corporativo: Fakulta podnikového manažmentu EU. Katedra podnikových financií
Outros Autores: Markovič, Peter, 1974-
Formato: Livro
Idioma:eslovaco
Publicado em: Bratislava 2011
Tags: Adicionar Tag
Sem tags, seja o primeiro a adicionar uma tag!

MARC

LEADER 00000nbm a2200000 4500
001 0131291
005 20161109101655.0
041 0 |a slo 
044 |a SK 
245 1 0 |a Ohodnocovanie finančných nástrojov v podmienkach nestability finančných trhov  |b diplomová práca  |c Katarína Slaminková ; školiteľ: Peter Markovič 
264 1 |a Bratislava  |c 2011 
300 |a 92 s. 
100 1 |a Slaminková, Katarína 
700 1 |a Markovič, Peter, 1974- 
710 2 |a Fakulta podnikového manažmentu EU. Katedra podnikových financií